| 000 | 00704nam a22001937a 4500 | ||
|---|---|---|---|
| 010 | _a1718CH-EN | ||
| 020 |
_a9780143333982 _c199.00 |
||
| 035 | _aB-673307-321 | ||
| 037 |
_aDPL _bBSB |
||
| 082 | _aS | ||
| 100 | _aAlter, Stephen | ||
| 245 |
_aThe secret sanctuary / _cby Stephen Alter; illustrated by Prabha Mallya |
||
| 260 |
_aGurgaon _bPuffin Book _c2015 |
||
| 270 |
_a7th Floor, Infinity Tower C, DLF Cyber City, _bGurgaon _e122002 |
||
| 300 |
_avarious pagings _c19cm(pbk) |
||
| 700 | _aMallya, Prabha | ||
| 942 |
_2ddc _cCH _mALT _hS |
||
| 999 |
_c141652 _d141652 |
||